000 00673nas a2200241 i 4500
001 1588
003 ES-MaACL
005 20250217134256.0
007 t|
008 950801c1938 sz | | 1 ||er d
022 _a0030-3755
080 _a494
245 0 0 _aOphthalmologica /
_corgan der Schweizerische Ophthalmologische Gesellschaft.
260 _aBasel :
_bS. Karger,
_c1938-
300 _a8 v. :
_bgrab. ;
_c25 cm.
310 _aMensual
362 0 _a(1938)-
650 1 4 _aOftalmologĂ­a.
_915693
710 2 _aSchweizerischen Ophthalmologischen Gesellschaft (
_cSuiza)
_9194247
852 _aES-MaACL
_jHem-1026
866 0 _o1946-49.
999 _c1588
_d1588